Vergine e madre (Record no. 100585)
[ view plain ]
| 000 -LEADER | |
|---|---|
| fixed length control field | 01319njm a2200289Ia 4500 |
| 001 - CONTROL NUMBER | |
| control field | A3799 |
| 003 - CONTROL NUMBER IDENTIFIER | |
| control field | IT-RoPAU |
| 005 - DATE AND TIME OF LATEST TRANSACTION | |
| control field | 20220918181131.0 |
| 008 - FIXED-LENGTH DATA ELEMENTS--GENERAL INFORMATION | |
| fixed length control field | 131025s9999 xx 000 0 und d |
| 040 ## - CATALOGING SOURCE | |
| Original cataloging agency | IT-RoPAU |
| 040 ## - CATALOGING SOURCE | |
| Transcribing agency | IT-RoPAU |
| 999 ## - SYSTEM CONTROL NUMBERS (KOHA) | |
| Koha Dewey Subclass [OBSOLETE] | n.d. |
| 100 ## - MAIN ENTRY--PERSONAL NAME | |
| Personal name | Intra Enrico |
| 9 (RLIN) | 28087 |
| 100 ## - MAIN ENTRY--PERSONAL NAME | |
| Relator term | Autore musica |
| 9 (RLIN) | 28088 |
| 100 ## - MAIN ENTRY--PERSONAL NAME | |
| Miscellaneous information | Codice autore musica SPICS: 13932 |
| 9 (RLIN) | 28089 |
| 245 ## - TITLE STATEMENT | |
| Title | Vergine e madre |
| 250 ## - EDITION STATEMENT | |
| Edition statement | 1a ed. |
| 260 ## - PUBLICATION, DISTRIBUTION, ETC. (IMPRINT) | |
| Place of publication, distribution, etc. | ROMA |
| 260 ## - PUBLICATION, DISTRIBUTION, ETC. (IMPRINT) | |
| Name of publisher, distributor, etc. | EP - MUSICALI E DISCOGRAFICHE |
| Date of publication, distribution, etc. | 1991 [1a Ed.:1991 - Ed. Lingua Orig.: 1991] |
| 300 ## - PHYSICAL DESCRIPTION | |
| Extent | COMPACT DISC |
| 300 ## - PHYSICAL DESCRIPTION | |
| Dimensions | 41 minuti (Testo: 0 pag.) |
| 500 ## - GENERAL NOTE | |
| General note | Musica strumentale, liturgica. Temi gregoriani. |
| 505 ## - FORMATTED CONTENTS NOTE | |
| Formatted contents note | Salve regina (antifona tono solenne) - Audi filia (graduale, comune della Beata Maria Vergine) - Alleluja, virga Iesse (comune della Beata Maria Vergine) - Alma redemptoris (antifona, tono semplice) - Ave Maris Stella (inno) - Benedicta (graduale, comune della Beata Maria Vergine) - Ave Maria (offertorio, Immacolata) - Alleluia, Ave Maria (comune della Beata Maria Vergine) - Alleluia Assumpta est (Assunzione della Beata Maria Vergine) |
| 650 ## - SUBJECT ADDED ENTRY--TOPICAL TERM | |
| Topical term or geographic name as entry element | STRUMENTALE [COMPACT DISC] |
| Relator term | Codice MATERIA SPICS: 9949 |
| 9 (RLIN) | 28090 |
| 700 ## - ADDED ENTRY--PERSONAL NAME | |
| Personal name | Intra Enrico |
| Miscellaneous information | Codice interprete SPICS: 13932 |
| Relator term | Interprete |
| 9 (RLIN) | 28091 |
| 942 ## - ADDED ENTRY ELEMENTS (KOHA) | |
| Koha item type | CD AUDIO |
| Source of classification or shelving scheme | Dewey Decimal Classification |
| Withdrawn status | Lost status | Damaged status | Not for loan | Home library | Current library | Date acquired | Total Checkouts | Full call number | Date last seen | Price effective from | Koha item type | Public note |
|---|---|---|---|---|---|---|---|---|---|---|---|---|
| Buone Condizioni | Not For Loan | SPICS-MEDIATECA | SPICS-MEDIATECA | 25/10/2013 | A3799 | 25/10/2013 | 25/10/2013 | CD AUDIO | Progr. Ins.: 182 / N.Vol.: 1 / Copie: 1 - Copia rara: n.d. / date import: 01.01.2014 - By Epidotti, Trombetti, Vaglietti |